Normal view
MARC view
Entry Personal Name
001 - CONTROL NUMBER
- control field: 76861
003 - CONTROL NUMBER IDENTIFIER
- control field: dpl
005 - DATE AND TIME OF LATEST TRANSACTION
- control field: 20250122114337.0
008 - FIXED-LENGTH DATA ELEMENTS
- fixed length control field: 250122|| aca||aabn | a|a d
040 ## - CATALOGING SOURCE
- Original cataloging agency: dpl
- Transcribing agency: dpl
100 ## - HEADING--PERSONAL NAME
- Personal name: Sharma, Aruna
670 ## - SOURCE DATA FOUND
- Source citation: Work cat.: (dpl)208632: Sharma, Aruna , Raga Swar Prabhav:, 2013
